00406nam a2200157Ia 4500003000400000008004100004040001600045082001300061100001700074245004300091260004200134300001000176490002500186650001500211650002200226GCL140319s9999 xx 000 0 eng d aGCL / cGCL04a843bB B1 aBEAUMARCHAIS10aLE BARBIER DE SEVILLE / cBEAUMARCHAIS a[S.N] : bLE LIVRE DE POCHE ، c1985 a158 P aLE LIVRE DE POCHEv004aLITERATURE04aFRENCH LITERATURE